Catálogo
 En Linea

Memoria que al generalísimo Rafael L. Trujillo Molina, comandante en jefe del Ejercito Nacional : (Registro nro. 49296)

Detalles MARC
000 -CABECERA
campo de control de longitud fija 01022nam a2200229 a 4500
001 - NÚMERO DE CONTROL
campo de control
003 - IDENTIFICADOR DEL NÚMERO DE CONTROL
campo de control OSt
005 - FECHA Y HORA DE LA ÚLTIMA TRANSACCIÓN
campo de control 20220303083154.0
008 - DATOS DE LONGITUD FIJA--INFORMACIÓN GENERAL
campo de control de longitud fija 110824s1939 dr 000 0 spa d
040 ## - FUENTE DE LA CATALOGACIÓN
Centro catalogador/agencia de origen DO-SdBNP
Lengua de catalogación spa
Centro/agencia transcriptor BNPHU
082 ## - NÚMERO DE LA CLASIFICACIÓN DECIMAL DEWEY
Número de clasificación 355.37293
Número de documento/Ítem R426m 1939
Número de edición 22
110 2# - ENTRADA PRINCIPAL--NOMBRE DE ENTIDAD CORPORATIVA
Nombre de entidad corporativa o nombre de jurisdicción como elemento de entrada República Dominicana
Unidad subordinada Ejercito Nacional. Cuartel General
-- Oficina de Estado Mayor
9 (RLIN) 58919
245 10 - MENCIÓN DE TÍTULO
Título Memoria que al generalísimo Rafael L. Trujillo Molina, comandante en jefe del Ejercito Nacional : <br/>
Resto del título rinde el general de brigada, jefe del Estado Mayor Héctor B. Trujillo Molina M.M. de la labor realizada por el ejercito durante el año 1937
260 ## - PUBLICACIÓN, DISTRIBUCIÓN, ETC.
Lugar de publicación, distribución, etc. Ciudad Trujillo, República Dominicana :
Nombre del editor, distribuidor, etc. Ejercito Nacional,
Fecha de publicación, distribución, etc. 1937.
300 ## - DESCRIPCIÓN FÍSICA
Extensión 221 p. :
Dimensiones 29 cm.
500 ## - NOTA GENERAL
Nota general Título tomado de la cubierta
590 ## - NOTA LOCAL (RLIN)
Nota local Inventariado, 2020/VM
610 14 - PUNTO DE ACCESO ADICIONAL DE MATERIA--NOMBRE DE ENTIDAD CORPORATIVA
Nombre de entidad corporativa o nombre de jurisdicción como elemento de entrada República Dominicana.
Unidad subordinada Ejercito Nacional .
9 (RLIN) 58697
700 ## - PUNTO DE ACCESO ADICIONAL--NOMBRE DE PERSONA
Nombre de persona Trujillo Molina M.M, Héctor B.
9 (RLIN) 77632
910 ## - DATOS DE OPCIÓN DEL USUARIO (OCLC)
Datos de opción del usuario Validado. Control de calidad MFF
942 ## - ELEMENTOS DE PUNTO DE ACCESO ADICIONAL (KOHA)
Fuente del sistema de clasificación o colocación Dewey Decimal Classification
Tipo de ítem Koha Libro
Existencias
Estado de retiro Estado de pérdida Fuente del sistema de clasificación o colocación Restricciones de uso No para préstamo Código de colección Localización permanente Ubicación/localización actual Ubicación en estantería Fecha de adquisición Total de préstamos Signatura topográfica completa Código de barras Fecha visto por última vez Precio válido a partir de Tipo de ítem Koha
    Dewey Decimal Classification Excluido de préstamo Excluido de préstamo Raros y valiosos Biblioteca Nacional Pedro Henríquez Ureña Patrimonio Dominicano Depósito 18.12.2020   BNPHU PD RV 355.37293 R426m 1939 2020-0798 18.12.2020 18.12.2020 Libro

Con tecnología Koha